[Event "15th European Club Cup Women"]
[Site "Plovdiv BUL"]
[Date "2010.10.17"]
[Round "1"]
[White "Borsuk, Angela"]
[Black "Lahno, Kateryna"]
[Result "1/2-1/2"]
[WhiteTitle "IM"]
[BlackTitle "GM"]
[WhiteElo "2270"]
[BlackElo "2539"]
[WhiteTeam "Ashdod Elite CC"]
[BlackTeam "AVS"]
[WhiteFideId "2806452"]
[BlackFideId "14109336"]
[EventType "team"]

1. Nf3 Nf6 2. g3 g6 3. Bg2 Bg7 4. O-O O-O 5. d3 d5 6. Nbd2 c5 7. Nb3 d4 8. Bd2
Na6 9. Qc1 Nd5 10. h3 Re8 11. c4 dxc3 12. bxc3 Rb8 13. Rb1 b6 14. e4 Ndc7 15. d4
Bb7 16. Re1 cxd4 17. cxd4 Nb5 18. Qb2 Nd6 19. Bf4 Bxe4 20. Rbc1 Nc5 21. Nxc5
bxc5 22. Qd2 Bxf3 23. Bxf3 Bxd4 24. Bc6 Rf8 25. Bh6 Rb2 26. Rc2 Rxc2 27. Qxc2
Qa5 28. Rxe7 Rb8 29. Qe2 c4 30. Be8 Qd8 31. Bxf7+ Nxf7 32. Qe6 Qxe7 33. Qxe7
Nxh6 34. Qd6 Rb1+ 35. Kg2 Bb6 36. Qe6+ Nf7 37. Qc8+ Kg7 38. Qxc4 Rd1 39. Qc3+
Bd4 40. Qc2 Ra1 41. g4 g5 42. Qd2 Bf6 43. Qa5 Rd1 44. Qxa7 Rd4 45. a4 Rf4 46.
Qd7 Bd4 47. f3 Kg6 48. a5 Ne5 49. Qe6+ Kg7 50. Qe7+ Kg6 51. Qe6+ 1/2-1/2